Countries With 4 Letters - Statistics

General Stats
  • This quiz has been taken 43 times
  • The average score is 8 of 10
Answer Stats
Country % Correct
Iran
90%
Iraq
90%
Oman
85%
Peru
85%
Fiji
83%
Togo
80%
Chad
76%
Laos
76%
Mali
76%
Cuba
68%
No matching quizzes found
Score Distribution
Percent of People with Each Score
Percentile by Number Answered
Your Score History
You have not taken this quiz